Molecules and evolution / (Record no. 74449)
[ view plain ]
| 000 -LEADER | |
|---|---|
| fixed length control field | 00771cam a22002531a 4500 |
| 001 - CONTROL NUMBER | |
| control field | 74449 |
| 003 - CONTROL NUMBER IDENTIFIER | |
| rucl marc code | BD-RjUL |
| 005 - DATE AND TIME OF LATEST TRANSACTION | |
| control field | 20211209082543.0 |
| 008 - FIXED-LENGTH DATA ELEMENTS--GENERAL INFORMATION | |
| fixed length control field | 711020s1966 nyua b 000 0 eng |
| 035 ## - SYSTEM CONTROL NUMBER | |
| System control number | (BD-RjUL) |
| 040 ## - CATALOGING SOURCE | |
| Original cataloging agency | DLC |
| Transcribing agency | DLC |
| Modifying agency | DLC |
| Language of cataloging | eng |
| 041 ## - LANGUAGE CODE | |
| Language code of text/sound track or separate title | eng |
| 082 00 - DEWEY DECIMAL CLASSIFICATION NUMBER | |
| Classification number | 574.192 |
| 100 1# - MAIN ENTRY--PERSONAL NAME | |
| Personal name | Jukes, Thomas H. |
| Fuller form of name | (Thomas Hughes), |
| Dates associated with a name | 1906-1999. |
| 9 (RLIN) | 222987 |
| 245 10 - TITLE STATEMENT | |
| Title | Molecules and evolution / |
| Statement of responsibility, etc. | [by] Thomas H. Jukes. |
| 260 ## - PUBLICATION, DISTRIBUTION, ETC. (IMPRINT) | |
| Place of publication, distribution, etc. | New York ; London : |
| Name of publisher, distributor, etc. | Columbia University Press, |
| Date of publication, distribution, etc. | c1966.[printing 1968] |
| 300 ## - PHYSICAL DESCRIPTION | |
| Pagination | vi, 285 p. |
| Illustrations | illus. (part col.) |
| Size | 24 cm. |
| 504 ## - BIBLIOGRAPHY, ETC. NOTE | |
| Bibliography, etc | Bibliography: p. [267]-282. |
| 505 ## - FORMATTED CONTENTS NOTE | |
| Formatted contents note | Includes Index |
| 650 #0 - SUBJECT ADDED ENTRY--TOPICAL TERM | |
| Topical term or geographic name as entry element | Molecular biology. |
| 9 (RLIN) | 222988 |
| Topical term or geographic name as entry element | Evolution (Biology) |
| 9 (RLIN) | 222989 |
| 942 ## - ADDED ENTRY ELEMENTS (KOHA) | |
| Source of classification or shelving scheme | Dewey Decimal Classification |
| Koha item type | Books |
| Lost status | Source of classification or shelving scheme | Damaged status | Not for loan | Collection code | Permanent Location | Current Location | Shelving location | Date acquired | Source of acquisition | Cost, normal purchase price | Total Checkouts | Full call number | Date last seen | Copy number | Koha item type |
|---|---|---|---|---|---|---|---|---|---|---|---|---|---|---|---|
| Dewey Decimal Classification | Not For Loan | Non-fiction | Central Library, University of Rajshahi | Central Library, University of Rajshahi | Reading Room | 09/12/2021 | Zeitlinger | 36.00 | 572.8 JUM 1966 | 27/09/2018 | C-1 | Books |